Statistics for Shakespeare Quotes by Play

Click here to take the quiz!

General Stats

  • This quiz has been taken 907 times
  • The average score is 9 of 14

Answer Stats

HintAnswer% Correct
The play 's the thing wherein I'll catch the conscience of the kingHamlet
94%
Yet do I fear thy nature; It is too full o' the milk of human kindnessMacbeth
90%
To-morrow, and to-morrow, and to-morrow, Creeps in this petty pace from day to day,To the last syllable of recorded time; And all our yesterdays have lighted fools The way to dusty death. Out, out, brief candle! Life's but a walking shadow, a poor player, That struts and frets his hour upon the stage, And then is heard no more. It is a tale Told by an idiot, full of sound and fury, Signifying nothing.Macbeth
90%
Now is the winter of our discontentKing Richard III
80%
We are such stuff as dreams are made on, rounded with a little sleepThe Tempest
74%
If you prick us, do we not bleed? if you tickle us, do we not laugh? if you poison us, do we not die? and if you wrong us, shall we not revengeThe Merchant of Venice
70%
We cannot all be masters, nor all masters Cannot be truly follow’d.Othello
66%
Tempt not a desperate manRomeo and Juliet
65%
As he was valiant, I honour him: but, as he was ambitious, I slew himJulius Caesar
64%
How now, spirit! whither wander you?A Midsummer Night's Dream
63%
All the world 's a stage, and all the men and women merely players. They have their exits and their entrances; And one man in his time plays many partsAs You Like It
60%
The triple pillar of the world transformed Into a strumpet's foolAntony and Cleopatra
35%
Our doubts are traitors, and make us lose the good we oft might win, by fearing to attemptMeasure for Measure
21%
They say, best men are moulded out of faults, And, for the most, become much more the better For being a little bad.Measure for Measure
21%

Score Distribution

Percentile by Number Answered

Percent of People with Each Score

Your Score History

You have not taken this quiz